In The Third Session Of The Eighth Parliament Of The Fourth Republic Of Ghana Report Of The Committee On Mines And Energy On The National Petroleum Authority (Amendment) Bill, 2023 (Record no. 5032)
[ view plain ]
| 000 -LEADER | |
|---|---|
| fixed length control field | 00622nam a22001697a 4500 |
| 003 - CONTROL NUMBER IDENTIFIER | |
| control field | OSt |
| 005 - DATE AND TIME OF LATEST TRANSACTION | |
| control field | 20250715100349.0 |
| 008 - FIXED-LENGTH DATA ELEMENTS--GENERAL INFORMATION | |
| fixed length control field | 250108b |||||||| |||| 00| 0 eng d |
| 041 ## - LANGUAGE CODE | |
| Language code of text/sound track or separate title | English |
| 082 ## - DEWEY DECIMAL CLASSIFICATION NUMBER | |
| Classification number | CR/NPA/23 Acc. No. 8087 |
| 110 ## - MAIN ENTRY--CORPORATE NAME | |
| Corporate name or jurisdiction name as entry element | Committee On Mines And Energy |
| 245 ## - TITLE STATEMENT | |
| Title | In The Third Session Of The Eighth Parliament Of The Fourth Republic Of Ghana Report Of The Committee On Mines And Energy On The National Petroleum Authority (Amendment) Bill, 2023 |
| 260 ## - PUBLICATION, DISTRIBUTION, ETC. | |
| Place of publication, distribution, etc. | Accra |
| Name of publisher, distributor, etc. | Parliament Of Ghana |
| Date of publication, distribution, etc. | 2023 |
| 300 ## - PHYSICAL DESCRIPTION | |
| Extent | 5P |
| 650 ## - SUBJECT ADDED ENTRY--TOPICAL TERM | |
| Source of heading or term | National Petroleum Authority (Amendment) Bill, 2023 |
| 942 ## - ADDED ENTRY ELEMENTS (KOHA) | |
| Source of classification or shelving scheme | Dewey Decimal Classification |
| Koha item type | Committee Reports |
| Suppress in OPAC | No |
| Withdrawn status | Lost status | Source of classification or shelving scheme | Damaged status | Not for loan | Home library | Current library | Shelving location | Date acquired | Total checkouts | Full call number | Date last seen | Copy number | Price effective from | Koha item type |
|---|---|---|---|---|---|---|---|---|---|---|---|---|---|---|
| Dewey Decimal Classification | Main Library | Main Library | Open Shelves | 08/01/2025 | CR/NPA/23 Acc. No. 8087 C1 | 08/01/2025 | 1 | 08/01/2025 | Committee Reports | |||||
| Dewey Decimal Classification | Main Library | Main Library | Open Shelves | 08/01/2025 | CR/NPA/23 Acc. No. 8088 C2 | 08/01/2025 | 2 | 08/01/2025 | Committee Reports |